000 00877nam a22003137a 4500
001 0001482
003 KOHA_MİRAKIL
005 20260207001242.0
007 ta
008 090217b2008 tu a|||gr||||#0|||0|tur |
020 _a9789759205812
_c43,69
040 _aTR-BiSEU
_btur
_cTR-BiSEU
_erda
041 0 _atur
044 _ctu
050 _aRC660
_b.Y48 2008
245 0 _aYetişkinlerde ağırlık yönetimi/
_ceditörler Ayşe Baysal, Murat Baş.
264 1 _aİstanbul :
_bTürkiye Diyetisyenler Derneği
_c2008
300 _a131 sayfa :
_bresimli; 24 cm.
336 _ametin
_btxt
_2rdacontent
337 _aaracısız
_bn
_2rdamedia
338 _acilt
_bnc
_2rdacarrier
500 _aKaynakça var.
650 0 _aBeslenme.
_91530
650 0 _aObezite.
_94733
650 0 _aObesity.
_94734
650 0 _aNutrition.
_92956
907 _aSağlık
942 _2lcc
_cBK
999 _c1469
_d1469